[Event "IECG CP.2004.Q.00008 email"]
[Site "IECG email"]
[Date "2006.01.20"]
[Round "?"]
[White "Hansen, John"]
[Black "Fels, Bernhard"]
[Result "0-1"]
[WhiteElo "2189"]
[BlackElo "2286"]
[PlyCount "40"]
[EventDate "2006.01.20"]
[EventType "tourn (corr)"]
[EventRounds "6"]
[EventCountry "USA"]
[SourceTitle "Corr 2008"]
[Source "ChessBase"]
[SourceDate "2008.06.24"]
[SourceVersion "1"]
[SourceVersionDate "2008.06.24"]
[SourceQuality "1"]

1. d4 Nf6 2. c4 e5 3. dxe5 Ng4 4. Nf3 Bc5 5. e3 Nc6 6. Nc3 0-0 7. b3 Re8 8. Be2 Ncxe5 9. Bb2 Nxf2 10. Kxf2 Ng4+ 11. Ke1 Nxe3 12. Qd2 Nxg2+ 13. Kd1 Be3 14. Qc2 d5 15. Nxd5 c6 16. Bd3 Bh3 17. Bxh7+ Kh8 18. Bf5 Bh6 19. Bc1 Ne3+ 20. Bxe3 Rxe3 0-1

[Event "IECG CP.2005.P.00101"]
[Site "IECG email"]
[Date "2005.10.01"]
[Round "?"]
[White "Hansen, John"]
[Black "Sulis, Giovanni"]
[Result "1/2-1/2"]
[WhiteElo "2211"]
[BlackElo "1719"]
[PlyCount "94"]
[EventDate "2005.10.01"]
[EventType "tourn (corr)"]
[EventRounds "6"]
[SourceTitle "Corr 2008"]
[Source "ChessBase"]
[SourceDate "2008.06.24"]
[SourceVersion "1"]
[SourceVersionDate "2008.06.24"]
[SourceQuality "1"]

1. e4 c5 2. Nc3 a6 3. Nf3 d6 4. d4 cxd4 5. Nxd4 Nf6 6. Be3 e5 7. Nb3 Be6 8. Be2 Be7 9. 0-0 d5 10. exd5 Nxd5 11. Nxd5 Bxd5 12. Qd3 Be6 13. Qxd8+ Kxd8 14. Rad1+ Nd7 15. Bf3 Kc7 16. Rfe1 Rad8 17. Bd2 b6 18. a4 Rhe8 19. Re3 Bxb3 20. cxb3 Bc5 21. Rc1 Nf6 22. Bb4 e4 23. Be2 Nd5 24. Bxc5 bxc5 25. Rg3 g6 26. Bxa6 Kb6 27. Bb5 Re6 28. Bf1 Red6 29. a5+ Kxa5 30. Rxc5+ Kb6 31. b4 Kb7 32. Ra3 f5 33. Rb5+ Rb6 34. Raa5 Nc7 35. Rxb6+ Kxb6 36. Re5 Rd4 37. Re7 Rxb4 38. Rxh7 Rxb2 39. Rg7 Nd5 40. Rxg6+ Kc5 41. h4 Rb1 42. g3 e3 43. Re6 Kd4 44. h5 f4 45. gxf4 exf2+ 46. Kxf2 Nxf4 47. Rd6+ Ke5 1/2-1/2

[Event "IECG CM.2005.0.00280"]
[Site "IECG email"]
[Date "2005.06.04"]
[Round "?"]
[White "Hansen, John"]
[Black "Carroll, Patrick J"]
[Result "1/2-1/2"]
[WhiteElo "2216"]
[BlackElo "2218"]
[PlyCount "123"]
[EventDate "2005.06.04"]
[EventType "tourn (corr)"]
[EventRounds "6"]
[SourceTitle "Corr 2008"]
[Source "ChessBase"]
[SourceDate "2008.06.24"]
[SourceVersion "1"]
[SourceVersionDate "2008.06.24"]
[SourceQuality "1"]

1. d4 d5 2. c4 c6 3. Nf3 Nf6 4. Nc3 e6 5. e3 Nbd7 6. Qc2 Bd6 7. Bd3 dxc4 8. Bxc4 0-0 9. 0-0 a6 10. Be2 c5 11. dxc5 Nxc5 12. Bd2 b5 13. b4 Ncd7 14. Ne4 Nxe4 15. Qxe4 Nb6 16. Rfd1 Qe7 17. a3 Bb7 18. Qd4 Na4 19. Rac1 Rad8 20. Qa1 e5 21. Bc3 e4 22. Nd4 Qg5 23. Nb3 Bd5 24. Nd2 Nxc3 25. Qxc3 Rfe8 26. Nf1 Qf5 27. Ng3 Qe6 28. Nh5 Be5 29. Nf4 Qh6 30. Qd2 Rd6 31. Rc5 Red8 32. Qc1 g5 33. Nh5 Qe6 34. h3 Kh8 35. Qc2 f6 36. Qc1 Bc4 37. Rxd6 Qxd6 38. Rxc4 bxc4 39. Qxc4 f5 40. g4 fxg4 41. hxg4 Qd5 42. Qxa6 Rf8 43. Qb5 Qxb5 44. Bxb5 Rc8 45. a4 Rc1+ 46. Kg2 Rb1 47. Bc6 Rxb4 48. a5 Rc4 49. Bb7 Ra4 50. a6 Kg8 51. Ng3 Bxg3 52. Kxg3 Kf7 53. Bc8 Ke8 54. Bb7 Kd7 55. Kg2 Kc7 56. Kg3 h6 57. Kg2 Kb6 58. Kg3 Ra2 59. Kg2 Ka7 60. Kg3 Rb2 61. Kg2 Rb3 62. Kg3 1/2-1/2

[Event "IECG QM.2005.0.00080 email"]
[Site "IECG email"]
[Date "2005.01.07"]
[Round "?"]
[White "Docx, Stefan"]
[Black "Hansen, John"]
[Result "0-1"]
[WhiteElo "2300"]
[BlackElo "2233"]
[PlyCount "38"]
[EventDate "2005.01.07"]
[EventType "tourn (corr)"]
[EventRounds "6"]
[SourceTitle "Corr 2008"]
[Source "ChessBase"]
[SourceDate "2008.06.24"]
[SourceVersion "1"]
[SourceVersionDate "2008.06.24"]
[SourceQuality "1"]

1. d4 Nf6 2. c4 e6 3. Nc3 Bb4 4. Qc2 b6 5. a3 Bxc3+ 6. Qxc3 Bb7 7. Bg5 h6 8. Bh4 0-0 9. f3 d5 10. e3 Nbd7 11. Nh3 Rc8 12. c5 bxc5 13. dxc5 c6 14. Bg3 Ra8 15. Bd6 Re8 16. g4 e5 17. g5 hxg5 18. Nxg5 Nh7 19. Nxh7 Qh4+ 0-1

[Event "IECG QM.2005.0.00080 email"]
[Site "IECG email"]
[Date "2005.01.07"]
[Round "?"]
[White "Zielinski, Sergej"]
[Black "Hansen, John"]
[Result "1-0"]
[WhiteElo "2228"]
[BlackElo "2233"]
[PlyCount "61"]
[EventDate "2005.01.07"]
[EventType "tourn (corr)"]
[EventRounds "6"]
[SourceTitle "Corr 2008"]
[Source "ChessBase"]
[SourceDate "2008.06.24"]
[SourceVersion "1"]
[SourceVersionDate "2008.06.24"]
[SourceQuality "1"]

1. e4 c6 2. d4 d5 3. Nc3 dxe4 4. Nxe4 Nf6 5. Nxf6+ gxf6 6. c3 Bf5 7. Ne2 Nd7 8. Ng3 Bg6 9. h4 h5 10. Be2 Qa5 11. b4 Qc7 12. Nxh5 a5 13. Nf4 axb4 14. Nxg6 fxg6 15. cxb4 e5 16. Rb1 0-0-0 17. dxe5 Qxe5 18. Qc2 Qd4 19. h5 Bxb4+ 20. Kf1 Bc5 21. Be3 Qe5 22. Qb3 Qc7 23. Bf4 Qb6 24. Qc2 Qa7 25. Bg3 g5 26. Bg4 Qa6+ 27. Kg1 Qa3 28. Rh3 Qa5 29. h6 Bb6 30. Bd6 f5 31. Qxf5 1-0

[Event "IECG QM.2004.0.00078 email"]
[Site "IECG email"]
[Date "2004.11.22"]
[Round "?"]
[White "Hansen, John"]
[Black "Francisco, Angelo Rodrigues"]
[Result "1-0"]
[WhiteElo "2233"]
[BlackElo "2231"]
[PlyCount "153"]
[EventDate "2004.11.22"]
[EventType "tourn (corr)"]
[EventRounds "6"]
[SourceTitle "Corr 2008"]
[Source "ChessBase"]
[SourceDate "2008.06.24"]
[SourceVersion "1"]
[SourceVersionDate "2008.06.24"]
[SourceQuality "1"]

1. e4 c5 2. Nc3 d6 3. Nf3 Nc6 4. d4 cxd4 5. Nxd4 Nf6 6. Bc4 Qb6 7. Nb3 e6 8. 0-0 Be7 9. Be3 Qc7 10. f4 a6 11. Bd3 b5 12. Qf3 Bb7 13. Qh3 0-0 14. Rf3 Rfe8 15. Raf1 b4 16. Na4 Nd7 17. Rg3 Bf8 18. c4 g6 19. Nd2 Qa5 20. b3 Rac8 21. e5 d5 22. cxd5 Qxd5 23. Bc4 Qa5 24. Nf3 Nd8 25. Ng5 h6 26. Nxf7 Kxf7 27. f5 Nxe5 28. fxg6+ Kg8 29. Rxf8+ Kxf8 30. Bb6 Qxa4 31. Qxh6+ Ke7 32. Qh4+ Kd6 33. Qd4+ Bd5 34. bxa4 Nxc4 35. Bxd8 Rexd8 36. h4 e5 37. Qa7 Nd2 38. Rd3 Rc1+ 39. Kh2 Nf1+ 40. Kh3 Rc3 41. Qxa6+ Ke7 42. Rxc3 Be6+ 43. Qxe6+ Kxe6 44. Rc6+ Ke7 45. h5 Rd3+ 46. Kh4 Ne3 47. h6 Nxg2+ 48. Kg4 Ne3+ 49. Kf3 Nc2+ 50. Ke2 Rh3 51. g7 Nd4+ 52. Kd2 Rh2+ 53. Kd3 Nxc6 54. g8Q Nd8 55. Qg5+ Kd7 56. Qxe5 Rh3+ 57. Kc4 Rc3+ 58. Kb5 Nf7 59. Qd4+ Ke7 60. a5 Rc8 61. a6 b3 62. axb3 Nd6+ 63. Ka5 Rc2 64. h7 Ra2+ 65. Kb6 Nf7 66. h8Q Nxh8 67. Qxh8 Kf7 68. a7 Ke6 69. a8Q Rxa8 70. Qxa8 Ke5 71. Kc5 Kf5 72. b4 Kf4 73. b5 Kg4 74. b6 Kf5 75. b7 Ke4 76. b8Q+ Kd3 77. Qb3+ 1-0

[Event "DEN-chT 25th corr"]
[Site "Denmark"]
[Date "2000.??.??"]
[Round "3"]
[White "Larsen, Tage"]
[Black "Hansen, John"]
[Result "1/2-1/2"]
[WhiteElo "1637"]
[BlackElo "2071"]
[PlyCount "115"]
[EventDate "2000.??.??"]
[EventType "team (corr)"]
[EventRounds "4"]
[EventCountry "DEN"]
[SourceTitle "Corr 2004"]
[Source "ChessBase"]
[SourceDate "2003.04.28"]
[SourceVersion "3"]
[SourceVersionDate "2003.04.28"]
[SourceQuality "1"]

1. d4 Nf6 2. c4 e6 3. Nf3 c5 4. d5 b5 5. Bg5 h6 6. Bxf6 Qxf6 7. Qc2 b4 8. e4 Bb7 9. Nbd2 Bd6 10. Be2 Qg6 11. Qd3 0-0 12. e5 Qxd3 13. Bxd3 Bc7 14. d6 Bb6 15. 0-0 Nc6 16. b3 a5 17. a3 f6 18. a4 Nxe5 19. Nxe5 fxe5 20. Rae1 Ra6 21. Be4 Bxe4 22. Nxe4 Ba7 23. Re2 Rc6 24. Rd1 Rf4 25. f3 Bb6 26. Rd3 h5 27. g3 Rf5 28. Kg2 Bd8 29. Nf2 Kf7 30. Rd1 Ke8 31. h3 Bf6 32. Ne4 Rc8 33. Rd3 h4 34. g4 Rf4 35. Rd1 Kf7 36. Kf2 g6 37. Rd3 Bg7 38. Ng5+ Kg8 39. Ne4 Rc6 40. Rd1 Rf8 41. Rd3 Kf7 42. Rd1 Ke8 43. Rd3 Kd8 44. Rd1 Kc8 45. Rd3 Kb7 46. Kg2 Rcc8 47. Kf2 Kc6 48. Kg2 Rf4 49. Kf2 Bh6 50. Kg2 Rf7 51. Kf2 Bf4 52. Kg2 Rcf8 53. Re1 Rh8 54. Re2 Bh6 55. Re1 Rhf8 56. Kf2 Rf4 57. Kg2 R8f7 58. Re2 1/2-1/2